01091nam a2200193Ia 4500001000900000003001000009008004100019040002500060041001300085100001900098245002300117250001100140260005300151300001200204500026200216501011400478520026200592650004300854L085-430IT-CnALBA170116s9999||||xx |||||||||||||| ||und|| aIT-CnALBAcIT-CnALBA aITALIANO aORIANI ALFREDO 0aFUOCHI DI BIVACCO  a2a ed. a FIRENZEbCAPELLI EDITORE c1927 [1° Ed.: n.d.] a413 p.  aCURATORE BENITO MUSSOLINI. PREFAZIONE DI MORELLO VINCENZO. OMBRE SACRE. ECHI. AD LIMINA MORTIS. IDEE E FIGURE. TRAGEDIA REGALE. DELITTI E DELINQUENTI. PUNTE SECCHE. SOTTO IL FUOCO. ULTIMA CARICA. VERITÀ NAZIONALE. ARTICOLI RACCONTI NOVELLE CHE EVIDENZIANO aSocietà San Paolo EM - Piazza San Paolo, 14 - 12051 ALBA (CN) (non commercial uses only) ® Copyright 2017 aCURATORE BENITO MUSSOLINI. PREFAZIONE DI MORELLO VINCENZO. OMBRE SACRE. ECHI. AD LIMINA MORTIS. IDEE E FIGURE. TRAGEDIA REGALE. DELITTI E DELINQUENTI. PUNTE SECCHE. SOTTO IL FUOCO. ULTIMA CARICA. VERITÀ NAZIONALE. ARTICOLI RACCONTI NOVELLE CHE EVIDENZIANO aRACCOLTE DI CARATTERE GEN. IN ITALIANO